Postavenie doktorandov v kontexte právnych noriem Slovenskej republiky

Postavenie doktorandov ako študentov 3. stupňa vysokoškolského štúdia je ovplyvnené množstvom legislatívnych predpisov. Príspevok popisuje hlavné charakteristiky doktorandského štúdia a poskytuje prehľad právnych predpisov, ktoré majú vplyv na postavenie študentov doktorandského štúdia.

Gespeichert in:
Bibliographische Detailangaben
1. Verfasser: Harakaľová, Dorota, 1989-
Format: Buchkapitel
Sprache:Slowakisch
Schlagworte:
Tags: Tag hinzufügen
Keine Tags, Fügen Sie das erste Tag hinzu!

MARC

LEADER 00000nla a2200000 4500
001 0181048
005 20240502073111.6
041 0 |a slo 
044 |a SK 
245 1 0 |a Postavenie doktorandov v kontexte právnych noriem Slovenskej republiky  |c Dorota Harakaľová 
520 |a Postavenie doktorandov ako študentov 3. stupňa vysokoškolského štúdia je ovplyvnené množstvom legislatívnych predpisov. Príspevok popisuje hlavné charakteristiky doktorandského štúdia a poskytuje prehľad právnych predpisov, ktoré majú vplyv na postavenie študentov doktorandského štúdia. 
610 2 0 |a štúdium doktorandské 
610 2 0 |a úpravy právne 
100 1 |a Harakaľová, Dorota, 1989-